A critique of social change theories /
Enregistré dans:
| Auteur principal: | |
|---|---|
| Autres auteurs: | |
| Format: | Texte |
| Tags: |
Ajouter un tag
Pas de tags, Soyez le premier à ajouter un tag!
|
MARC
| LEADER | 00000 a a2200000 04500 | ||
|---|---|---|---|
| 001 | 41515 | ||
| 003 | |||
| 040 | |||
| 100 | |a Fluehr-Lobban; Carolyn | ||
| 245 | |a A critique of social change theories / |c Carolyn Fluehr-Lobban; Janet Mancini Billson | ||
| 700 | |a Mancini Billson, Janet | ||
| 773 | |g páginas 45-54 | ||
| 999 | |c 26071 |d 26071 | ||
